000 00667nam a2200265Ia 4500
005 20260121172615.0
008 008 260114s9999 xx 000 0 eng d
020 _a9783030737467
037 _aEBOOK
040 _aCRL
040 _beng
040 _cCRL
041 _2eng
041 _aeng
084 _qCRL
100 _aJameel M. Al-Khayri, S. Mohan Jain, Dennis V. Johnson
_91090498
245 4 _aThe Date Palm Genome, Vol. 1
260 _bSpringer
260 _bSpringer
260 _c2021
856 _uhttps://link.springer.com/openurl?genre=book&isbn=978-3-030-73746-7
942 _cEBOOK
999 _c1656238
_d1656238